000 00690cam a22002411 4500
001 af 47005291
003 DLC
005 20260227110831.0
008 890617s1945 ne 000 0 dut c
010 _aaf 47005291
035 _a(OCoLC)19884962
040 _aCalifornia. Univ. Libr.
_cCU
_dDLC
042 _apremarc
050 0 0 _aPT5880.W483
_bV6
082 _a839.3115
100 1 _aWessem, Maria van.
245 1 0 _aVolk in smart.
260 _aMaastricht,
_bUitgeversmaatschappij "Novaria"
_c[1945]
300 _a130 p., 1 l.
_c23 cm.
500 _aAuthor's pseud., Mary van Rotterdam, at head of title.
500 _aPoems, 1939-1944.
650 0 _aWorld War, 1939-1945
_vPoetry.
999 _c3040
_d3040